[Event "Alushta Autumn 1st"]
[Site "Alushta"]
[Date "2004.08.28"]
[Round "1"]
[White "Danielian, Elina"]
[Black "Ovetchkin, Roman"]
[Result "1-0"]
[WhiteElo "2430"]
[BlackElo "2475"]
[Annotator "Ribli,Z"]
[PlyCount "119"]
[EventDate "2004.08.28"]
[EventType "tourn"]
[EventRounds "15"]
[EventCountry "UKR"]
[EventCategory "9"]
[SourceTitle "CBM 103"]
[Source "ChessBase"]
[SourceDate "2004.11.11"]
[SourceVersion "1"]
[SourceVersionDate "2004.11.11"]
[SourceQuality "1"]

1. Nf3 c5 2. c4 Nc6 3. g3 e5 4. Nc3 d6 5. Bg2 g6 6. O-O Bg7 {Dieser Aufbau ist
in der letzten Zeit sehr populär- zwar ist das Feld d5 schwach, dafür
kontrolliert Schwarz aber das Feld d4 und setzt im weiteren Partieverlauf
gewöhnlich mit ...Nge7 und ...f5 fort.} 7. Ne1 {[%cal Ge1c2,Gc2e3,Ge3d5] Weiss
spielt nach der üblichen Strategie - der Springer soll über c2 und e3 auf das
Feld d5.} h5 $5 {[%cal Gh5h4] Eine interessante Spielweise - Schwarz will den
Umstand ausnutzen, dass der weisse Springer noch nicht auf f3 entwickelt ist
und mit 8...h4 am Königsflügel angreifen.} (7... Be6 8. d3 Nge7 9. Nd5 (9. Bg5
f6 10. Bd2 O-O 11. a3 a5 12. Nc2 d5 13. cxd5 Nxd5 14. b4 cxb4 15. Nxd5 Bxd5 16.
Bxd5+ Qxd5 17. axb4 a4 18. Ne3 Qb5 {Akesson,R-Wedberg,T/ Stockholm 2002/ 0-1 
(35)}) 9... O-O 10. Nc2 Rb8 11. Rb1 b5 12. b3 h6 13. Bb2 f5 14. e3 bxc4 15.
dxc4 e4 16. Bxg7 Kxg7 17. f3 exf3 18. Bxf3 Ne5 {0-1 Harika,D-Landa,K/playchess.
com INT 2004 (55)}) 8. h4 (8. Nc2 h4 9. Ne3 Nge7 10. Ned5 Nxd5 11. Nxd5 Ne7 12.
b4 Nxd5 13. Bxd5 Bh3 14. Re1 Qd7 15. Rb1 Rb8 16. bxc5 dxc5 17. Ba3 {Nureev,
G-Loginov,A/ Moscow 2000/ 1-0 (29)}) 8... Nh6 {[%cal Gh6g4,Gh6f5] Mit dieser
Springerentwicklung behält sich Schwarz vor, entweder mit Nf5 oder mit Ng4
fortzusetzen.} (8... Nge7 9. Nc2 Nf5 10. Ne4 O-O 11. Ne3 Nfd4 12. Nd5 f5 13.
Ng5 Ne6 14. d3 f4 15. gxf4 Nxf4 16. Nxf4 exf4 17. Bd5+ Kh8 18. Kg2 Ne5 {
Stuhlik,M-Miezis,N/ Graz 1999/ 0-1 (37)}) 9. d3 O-O (9... Be6 10. Rb1 f5 11.
Bg5 Bf6 12. Bxf6 Qxf6 13. Nd5 Qd8 14. b4 cxb4 15. Nxb4 {Fang,J-Sevillano,E/
Woburn 1999/ 1/2-1/2 (41)}) 10. Nc2 Be6 11. Ne3 f5 12. Ned5 {[%cal Gc1g5,Gg5d8]
} f4 $1 {Schwarz muss so spielen, bevor Weiss 13.Bg5 spielen kann und somit
Positionsvorteil bekommen hätte. Nach dem Textzug erhält Schwarz am
Königsflügel Angriffschancen.} (12... Nf7 13. a3 $14) 13. Ne4 {[%csl Gd5,Ge4]
Weiss hat mit seinen Springern die wichtigen weissen Zentrumsfelder besetzt.}
Bg4 (13... Nd4 14. e3 f3 15. exd4 fxg2 16. Kxg2 Bxd5 17. cxd5 cxd4 18. Qb3 $16
{[%csl Ge4]}) 14. gxf4 Qxh4 15. f5 {[%csl Rh4][%cal Rc1g5,Rg5h4]} (15. f3 exf4
16. fxg4 Bd4+ 17. e3 Nxg4 $40) (15. fxe5 Bxe5 16. f4 Bd4+ 17. Be3 Bxe3+ 18.
Nxe3 Nd4 19. Rf2 Be6 $36 {[%cal Gh6g4,Gf8f4]}) 15... Bxe2 $1 {[%mdl 512] Für
das Figurenopfer bekommt Schwarz eine dauerhafte Initiative am Königsflügel.} (
15... Rxf5 $2 16. f3 (16. Nxd6 $16) 16... Bh3 17. Bxh3 Qxh3 18. Rf2 {[%cal
Rf2h2,Rh2h3]} Rff8 $8 19. Rh2 Qf5 20. Nxd6 $16) 16. Qxe2 Ng4 {[%cal Rh4h2,
Rh2g1]} 17. Re1 (17. Rd1) 17... Nd4 18. Qd2 Rxf5 $40 {[%csl Rg1][%cal Ga8f8,
Gf8f2] Schwarz hat nun einen sehr gefährlichen Angriff. Er hat zwar nur zwei
Bauern für die Figur, aber die weisse Figurenkoordination ist schlecht.} 19.
Ne3 Qh2+ (19... Nh2 $5 {[%cal Rh2f3,Rf3e1,Rf3d2,Rf3g1,Rd4f3]} 20. Nxf5 Nhf3+
21. Bxf3 Nxf3+ 22. Kg2 gxf5 23. Qe2 (23. Kxf3 $4 Qg4+ 24. Ke3 f4#) 23... fxe4
$17 (23... Nxe1+ 24. Qxe1 fxe4 25. Qxe4 Qxe4+ 26. dxe4 Kf7 $15)) 20. Kf1 Raf8 {
Schwarz ist bereit, weiteres Material zu opfern.} (20... Rf4 $1 21. Nd5 Qh4 {
Droht jetzt 22...Nh2+ und 23...Nhf3+ (23...Ndf3+).} 22. Kg1 Nf3+ (22... Qh2+
$11) 23. Bxf3 Rxf3 $40) 21. Nxf5 Nxf5 {Mit zwei Bauern für den Turm ist
Schwarz materiell gesehen stark im Hintertreffen, aber seine Drohungen sind
wirklich sehr gefährlich - Weiss muss immer mit 22...Nh4 oder 22...Bh6 rechnen.
} 22. Qe2 Nh4 $6 (22... Ng3+ $1 23. Nxg3 Qxg3 24. Be3 e4 $1 {[%cal Rg7d4,Rd4f2]
} 25. dxe4 (25. Kg1 Qh2+ 26. Kf1 Bd4 $19) 25... Bd4 26. Kg1 Rxf2 $19) 23. f3 $8
(23. f4 exf4 $19 (23... Rxf4+ 24. Bxf4 Qxf4+ 25. Nf2 (25. Kg1 Qh2+ 26. Kf1 Ne3+
27. Kf2 Qxg2+ 28. Kxe3 Bh6+ $19) 25... Nf5 $19)) 23... Nxf3 24. Qxf3 Rxf3+ 25.
Bxf3 $14 {Nach überstandenen Komplikationen hat Weiss zwei Türme und Läufer
für Dame und zwei Bauern.} Nf6 (25... Bh6 $5 {wäre eine gute Idee gewesen, um
den passiven schwarzfeldrigen Läufer zu tauschen.} 26. Bxh6 (26. Bxg4 hxg4 27.
Bxh6 g3 28. Nxg3 Qxg3 29. Be3 Qf3+ 30. Kg1 (30. Bf2 Qxd3+ 31. Kg1 Qxc4) 30...
Qg3+ $11) 26... Nxh6 {[%cal Gh6f5,Gf5d4]}) 26. Nxf6+ (26. Nxd6 $5 Qh3+ (26...
Ng4 27. Ne4 $16) 27. Ke2 Qh2+ 28. Kd1 Qh3 29. Be2 Qd7 30. Nb5 $16) 26... Bxf6
27. Be3 (27. Bxb7 Qc2 28. Be4 Bh4 29. Be3 Bxe1 30. Rxe1 Qxb2 31. Re2 $14) 27...
g5 {[%cal Gg5g4,Gh5h4] Die beiden Freibauern am Königsflügel geben Schwarz
Gegenspiel.} 28. Bd5+ Kg7 29. Re2 Qh3+ 30. Ke1 {[%cal Ge1d2] Der weisse König
entfernt sich aus der Gefahrenzone.} g4 31. Kd2 g3 (31... b6 32. Rh1 Qg3 33.
Rg2 $18 {[%csl Rg3]}) 32. Bxb7 h4 33. Rh1 Qd7 34. Bg2 {Weiss muss 34...h3
verhindern.} Qa4 $1 $132 {[%csl Ga4]} 35. Be4 (35. a3 $2 Qb3 $17) 35... Qxa2
36. Kc1 Qa4 (36... Qa1+ 37. Kc2 Qa4+ 38. Kb1 (38. b3 Qa2+ 39. Kd1 Qxb3+ $36)
38... h3 39. Rg1 $16) 37. Kb1 Qd7 $1 {[%cal Gh4h3]} (37... h3 38. Rg1 g2 39.
Bf5 Qb3 40. Rd2 $16) 38. Rg2 Qg4 39. Rhg1 Kf7 $2 (39... Bg5 $1 $17) 40. Bf2 $1
{[%cal Rf2g3,Rg1g4] Die Vorbereitung zu dem Figurenopfer 41.Bxg3 mit
Vernichtung der gefährlichen Freibauern, was nach 39...Bg5 nicht möglich
gewesen wäre, da Schwarz in diesem Fall mit Bf4 fortsetzen konnte.} Qf4 41.
Bxg3 hxg3 42. Rxg3 $16 {[%csl Ge4,Rf6,Rf7][%mdl 4096] Weiss hat zwei Türme für
Dame und einen Bauern, sodass die Materialverteilung ungefähr gleich ist. In
Wirklichkeit hat Weiss aber die besseren Aussichten, da sein Be4 aktiv steht
und der schwarze König angreifbar ist. Jetzt droht einfach die Turmdoppelung
auf der f-Linie.} Qf2 43. R3g2 Qe3 44. Rf1 {[%cal Rg2f2,Rf1f7]} Ke7 45. Rgf2 d5
{Auch dieser Zug rettet die Partie nicht mehr, aber so kann Schwarz wenigstens
den Kampf verlängern.} (45... Bh4 46. Rf7+ Kd8 47. Rf8+ Kc7 48. R1f7+ $18) 46.
Rf3 Qd2 47. Bxd5 Bg5 48. Be4 Bf4 {Schwarz muss die f-Linie geschlossen halten.}
(48... Be3 49. Rf7+ Kd8 50. Rf8+ Kc7 51. R1f7+ $18) 49. Rh3 a5 50. Rh7+ Kf8 (
50... Kd6 51. Rg7 $1 $16 (51. Rg1 Bg5 52. Rg7 $16)) 51. Rfh1 a4 52. Ra7 $18 {
[%cal Ra7a4,Rh1h8,Rh8f8] Mit der Drohung, einzügig Matt zu setzen gewinnt
Weiss den Bauern a4.} Bh6 53. Rxa4 Bf4 54. Ra7 $6 {Obwohl auch dieser Zug
leicht gewinnt, hätte Weiss entweder mit 54.R a8+ oder mit 54.R h8+ forciert
Matt setzen können.} (54. Ra8+ Ke7 55. Rh7+ Kf6 56. Ra6+ Kg5 57. Rg6#) (54.
Rh8+ Ke7 55. Rh7+ Kf6 56. Ra6+ Kg5 57. Rg6#) 54... Bh2 55. Rh7 Bf4 56. Rc7 Bh2
57. Rxc5 Ke7 58. Rc7+ Kf6 59. Rc6+ Kg5 60. Rg6+ 1-0

[Event "New York MCC"]
[Site "New York"]
[Date "1994.??.??"]
[Round "7"]
[White "Leveille, Francois"]
[Black "Waitzkin, Joshua"]
[Result "1-0"]
[WhiteElo "2370"]
[BlackElo "2430"]
[Annotator "Ribli,Z"]
[PlyCount "83"]
[EventDate "1994.02.??"]
[EventType "tourn"]
[EventRounds "11"]
[EventCountry "USA"]
[EventCategory "9"]
[SourceTitle "CBM 043"]
[Source "ChessBase"]
[SourceDate "1994.12.01"]
[SourceVersion "1"]
[SourceVersionDate "1994.12.01"]
[SourceQuality "1"]

1. Nf3 c5 2. g3 Nc6 3. Bg2 e5 4. O-O g6 5. c4 Bg7 6. Nc3 Nge7 7. a3 d6 (7... a5
$5) 8. b4 O-O (8... e4 $5 9. Ne1 f5 10. Bb2 Be6 11. d3 O-O 12. Rb1 $13 {
Dizdar,G-Cramling,P/Debrecen/1992/INF56,54/}) 9. Rb1 h6 (9... Bf5 10. d3 $14 {
Beijar,K-Evertsson,L/Rilton-Cup/1988/CBM11/}) 10. d3 Rb8 11. Nd2 (11. Be3 f5 $2
(11... b6 $5) 12. bxc5 dxc5 (12... e4 13. dxe4 Bxc3 14. cxd6 fxe4 15. dxe7 $18)
13. Qc1 $1 $18 {Sigfusson,S-Karason,A/Reykjavik op/EXP18/}) 11... Be6 12. Qa4
$14 cxb4 (12... Qc7 13. bxc5 dxc5 14. Nde4 b6 15. Nb5 Qd7 16. Bxh6 $18) 13.
axb4 Qc7 14. Ba3 $14 Nc8 15. b5 (15. Rfc1 $5) 15... Nb6 16. Qd1 Nd4 17. e3 Nf5
18. Qb3 Rfd8 19. Rfc1 Qd7 20. Nde4 Nc8 21. Qa4 Nfe7 (21... b6 22. Bb4 Nfe7 23.
Ra1 $16) 22. c5 $1 d5 (22... dxc5 23. Nxc5 Qe8 24. Nxe6 fxe6 25. Qc4 Qf7 26.
Ne4 $16) 23. Nd6 d4 (23... Nxd6 24. cxd6 Nf5 25. Nxd5 Bxd5 26. Bxd5 Nxd6 27. e4
$16) 24. exd4 exd4 25. Ne2 Bd5 (25... Nf5 26. c6 $18) 26. c6 $1 Nb6 (26... bxc6
27. bxc6 $18) 27. Qc2 Qc7 (27... bxc6 28. bxc6 Qc7 29. Nb5 $18) 28. Nxb7 Rxb7
29. cxb7 Qxb7 30. Qc7 $1 Qxc7 31. Rxc7 Bxg2 32. Bxe7 Re8 33. Kxg2 Nd5 34. Rxa7
Nxe7 35. Nf4 Nc8 36. Rc7 Nb6 37. Rc6 Rb8 38. Kf3 Bf8 39. Ke4 Na4 40. Kxd4 Bg7+
41. Kc4 Nb2+ 42. Rxb2 1-0

[Event "Cacak"]
[Site "Cacak"]
[Date "1996.??.??"]
[Round "6"]
[White "Paunovic, Dragan"]
[Black "Damljanovic, Branko"]
[Result "0-1"]
[WhiteElo "2495"]
[BlackElo "2470"]
[Annotator "Ribli,Z"]
[PlyCount "74"]
[EventDate "1996.11.??"]
[EventType "tourn"]
[EventRounds "9"]
[EventCountry "YUG"]
[EventCategory "13"]
[SourceTitle "CBM 057"]
[Source "ChessBase"]
[SourceDate "1997.04.01"]
[SourceVersion "1"]
[SourceVersionDate "1997.04.01"]
[SourceQuality "1"]

1. Nf3 {Yudasin,L} c5 2. g3 Nc6 3. c4 g6 4. Bg2 Bg7 5. Nc3 e6 (5... Nh6 $5 {
Yudasin,L: in english} 6. d4 $5 $13 (6. h4 f5 (6... Nf5 7. h5 O-O {Taimanov})))
6. O-O Nge7 7. d3 (7. Rb1 {Yudasin,L with the idea a3-b4}) (7. e3 {Yudasin,L}
Nf5 8. d3 {Bd2-Rb1-a3-b4}) 7... O-O 8. Bg5 (8. Bd2 {Yudasin,L}) 8... h6 9. Bd2
{Wir haben eine fast symmetrische Stellung mit kleinen Unterschieden. Der
schwarze Figurenaufbau ist elastisch. (Wie Philidor lehrte - wir "müssen"
unsere Figuren hinter die Bauern stellen.) Die schwarze Antwort ist vollwertig,
aber 9...d5 ist auch gut spielbar.Ribli.} b6 (9... d5 $5 {Yudasin,L} 10. Qc1
Kh7 11. cxd5 exd5 12. Rb1 {with Na4 followed by b4}) 10. a3 Bb7 11. Rb1 d6 $5 (
11... a5 $6 {wäre natürlich viel schlechter als die Partiefortsetzung, da
Schwarz ein positionelles Loch auf b5 bekäme. Ribli.}) (11... d5 12. b4 dxc4
13. dxc4 cxb4 14. axb4 Rc8 15. c5 bxc5 16. bxc5 Na5 17. Nb5 Bxf3 18. Bxf3 Rxc5
$11 {Gulko,B-Dlugy/USA-ch m2/1991/}) (11... g5 12. b4 cxb4 13. axb4 Ng6 14. b5
Nce7 15. Na4 d6 16. Bb4 f5 17. Qb3 e5 18. Nc3 Kh7 19. Nd2 Bxg2 20. Kxg2 Qd7 $13
{Yanez-Casagrande/Erevan Olm/1996/}) (11... a5 {Yudasin,L} 12. Na4 {-b4}) 12.
b4 Qd7 13. Qa4 Rfc8 (13... Rad8 $5 {Yudasin,L} 14. b5 (14. Rfc1 $5) 14... Nd4
15. Qxa7 $4 Ra8 16. Qxb6 Nc8 $19 {and the queen is history}) (13... Rfd8 {
Yudasin,L} 14. Rfc1 g5 $5 (14... f5 {Yudasin,L} 15. e3 $5 {with the idea of
Ne2-Bc3 or Ne2-d4} (15. Nd1 $5 {Yudasin,L} {[%tqu "En","Black next move seems..
..but as we will see is is a very interesting idea maybe the best in the
position","","","g6g5","while white initiative on the queen's side gives
nothing black starts to develope a strong initiative on the king's side",5]} g5
$1 {while white initiative on the queen's side gives nothing black starts to
develope a strong initiative on the king's side} 16. Bc3 Ng6 $36 17. Bxg7 Kxg7
18. e3 {with Qc2-Qb2 and d4 with unclear position,but it seems that white
underestimated black's chances on the king's side} (18. Nc3 $2 {Yudasin,L} g4
19. Nd2 h5 $40 20. Qd1 (20. f4 {Yudasin,L} gxf3 21. Nxf3 {[%cal Gg8g1]} Qe7 22.
Nh4 $5 (22. Rf1 {Yudasin,L} Rac8 $5 {with h4}) 22... Nce5 $1 (22... Nge5 23.
Qd1 {with Qf2}) 23. Bxb7 Qxb7 24. Nxg6 Nxg6 {with a very strong initiative 
[attack] by black}) 20... h4 21. e3 hxg3 22. hxg3 Nce5)))) 14. Rfc1 f5 $1 {
Da Schwarz seinen Springer statt auf f6 auf e7 postiert hat, ist dieser Zug
möglich. Mit dem Partiezug gewinnt der Nachziehende ohne besonderes Risiko
Raum am Königsflügel. Seine Dame hat gute Bindung zum Königsflügel, während
die weiße Dame ein wenig weit vom Königsflügel entfernt ist. Ribli.} 15. Nd1 (
15. e3 Z0 16. Ne2 $140 {kommt auch in Betracht.Ribli.}) 15... g5 16. Bc3 {
Es ist ratsam für Weiß, den schwarzfeldrigen Läufer zu tauschen. Ribli.} Ng6
17. Bxg7 Kxg7 18. Nc3 g4 19. Nd2 h5 $15 {Weiß hat nichts am Damenflügel
erreicht, während Schwarz am Königsflügel eine gute Angriffsstellung aufgebaut
hat.} 20. f4 gxf3 (20... h4) 21. Nxf3 Qe7 22. Rf1 (22. Qd1 Z0 23. Qd2 $140 {
ist auch möglich.}) 22... Rf8 23. e3 {Ich glaube, das ist eine neue Schwächung
der weißen Position.Ribli.} (23. Qd1 f4 24. Qd2 $5) 23... Nce5 24. Qd1 h4 25.
bxc5 $6 (25. Qe2 hxg3 26. hxg3 Rh8 $36) (25. Ne2 {Yudasin,L}) 25... dxc5 {
with the idea Rad8} 26. d4 Bxf3 $1 (26... Nxc4 {Yudasin,L} 27. Qe2 {with still
some chances for white the text move is much better winning immediately}) 27.
Bxf3 Rad8 $17 {black has so many threats,Qg5,Nxc4... In der weissen Stellung
gibt es viele Bauernschwächen. Ich glaube es ist kaum möglich die Stellung zu
halten. Ribli.} 28. Qe2 cxd4 29. exd4 Rxd4 {Schwarz hat einen Bauern gewonnen,
aber was noch wichtiger ist, er setzt seinen Angriff fort. Ribli.} 30. Bh5 hxg3
31. hxg3 Qg5 32. Rf2 {Das ist eine (letzte) Falle von Weiß.Ribli.} Ng4 (32...
Qxg3+ 33. Rg2 Qxg2+ (33... Qxc3 34. Qxe5+) 34. Kxg2 $4 (34. Qxg2 $18) 34...
Nf4+) 33. Nb5 Re4 (33... Qxh5 {Yudasin,L} 34. Nxd4 Rh8 35. Qf3) 34. Qb2+ e5 35.
Bxg4 Rxg4 36. Nd6 Rxg3+ {Dieser zweite Bauernverlust bedeutet das Ende für
Weiß. Ribli.} 37. Rg2 Qe3+ (37... Qe3+ 38. Qf2 Rxg2+ 39. Kxg2 Nf4+ 40. Kf1 (40.
Kg1 Nh3+) 40... Qd3+) 0-1

[Event "Interzonal-15"]
[Site "Manila"]
[Date "1990.??.??"]
[Round "2"]
[White "Georgiev, Kiril"]
[Black "Ehlvest, Jaan"]
[Result "1/2-1/2"]
[WhiteElo "2580"]
[BlackElo "2655"]
[Annotator "Ribli,Z"]
[PlyCount "44"]
[EventDate "1990.06.29"]
[EventType "swiss"]
[EventRounds "13"]
[EventCountry "PHI"]
[SourceTitle "CBM 019"]
[Source "ChessBase"]
[SourceDate "1990.12.01"]
[SourceVersion "1"]
[SourceVersionDate "1990.12.01"]
[SourceQuality "1"]

1. c4 c5 2. g3 g6 3. Bg2 Bg7 4. Nc3 Nc6 5. a3 a6 6. Rb1 Rb8 7. b4 cxb4 8. axb4
b5 9. cxb5 axb5 10. Nf3 {-> A37} (10. e4 e5 11. Nge2 Nge7 12. d3 O-O 13. O-O d6
$10 {Bischoff,K-Gostisa,L Vidmar-mem 1989 CBM 14}) 10... Nf6 (10... e5 11. d4
$5 exd4 12. Nd5 Nf6 13. Bg5 h6 14. Nxf6+ Bxf6 15. Bxf6 (15. Bf4 d6 16. Bxh6 $1
Bf5 (16... Rxh6 17. Qc1 $16) 17. Rc1 Be4 18. Bd2 Ne5 19. O-O $14) 15... Qxf6
16. Qd2 O-O $13 {Ornstein-Ernst Sweden ch 1988 36/(65)}) 11. d4 d5 12. Bf4 (12.
Ne5 $5) 12... Rb6 13. Ne5 O-O 14. O-O Bb7 15. Qd3 (15. Qd2) 15... e6 16. Rfc1 (
16. Nxb5 $2 Ba6 17. Nxc6 Rxc6 18. Ra1 Rb6 19. Ra5 Qd7 $19) 16... Qe7 17. Qd2
Rc8 18. Bg5 Qe8 19. Nxc6 Rbxc6 20. Bxf6 Bxf6 21. e3 Be7 22. Bf1 Qf8 {Ribli}
1/2-1/2